[Event "Torneo de Benidorm sub 2300 2019"]
[Site "Benidorm ESP"]
[Date "2019.11.29"]
[Round "1.1"]
[White "Amdouni, Zoubaier"]
[Black "Israel, Gregory"]
[Result "1/2-1/2"]
[WhiteElo "2289"]
[BlackElo "2064"]
[PlyCount "65"]
[EventDate "2019.11.29"]
[EventType "swiss"]
[EventRounds "10"]
[EventCountry "ESP"]
[SourceTitle "Ajedrez en Madrid"]
[Source "lmi"]
[SourceDate "2019.11.30"]
[SourceVersion "1"]
[SourceVersionDate "2019.12.08"]
[SourceQuality "1"]

1. e4 Nf6 2. e5 Nd5 3. d4 d6 4. c4 Nb6 5. exd6 cxd6 6. Nc3 g6 7. Be3 Bg7 8. Rc1
O-O 9. b3 Nc6 10. Be2 e5 11. dxe5 dxe5 12. c5 Nd7 13. Nf3 Qa5 14. Nd2 Nd4 15.
Nd5 Nxc5 16. Bxd4 exd4 17. b4 Nd3+ 18. Bxd3 Qxd5 19. O-O Be6 20. Nb3 b6 21. Ba6
Rad8 22. Qd2 Qh5 23. f4 Bd5 24. Rfe1 Qg4 25. Rc7 Rfe8 26. Rxe8+ Rxe8 27. Bf1 d3
28. Qxd3 Qxf4 29. Rd7 Bxb3 30. axb3 Qxb4 31. Qc4 Qxc4 32. Bxc4 Rf8 33. Ba6
1/2-1/2

[Event "Torneo de Benidorm sub 2300 2019"]
[Site "Benidorm ESP"]
[Date "2019.11.29"]
[Round "1.2"]
[White "Fernandez Alonso, Miguel Angel"]
[Black "Lornye, Pylyp"]
[Result "1/2-1/2"]
[WhiteElo "2060"]
[BlackElo "2284"]
[PlyCount "43"]
[EventDate "2019.11.29"]
[EventType "swiss"]
[EventRounds "10"]
[EventCountry "ESP"]
[SourceTitle "Ajedrez en Madrid"]
[Source "lmi"]
[SourceDate "2019.11.30"]
[SourceVersion "1"]
[SourceVersionDate "2019.12.08"]
[SourceQuality "1"]

1. d4 f5 2. Nf3 Nf6 3. g3 g6 4. Bg2 Bg7 5. O-O O-O 6. c4 d6 7. Nc3 Qe8 8. d5
Na6 9. Nd4 Bd7 10. b3 c6 11. Bb2 Nc5 12. b4 Nce4 13. Nxe4 Nxe4 14. f3 Nf6 15.
dxc6 bxc6 16. Nb3 Rb8 17. Qd2 Be6 18. Rac1 Qf7 19. Na5 c5 20. b5 Rb6 21. f4 a6
22. a4 1/2-1/2

[Event "Torneo de Benidorm sub 2300 2019"]
[Site "Benidorm ESP"]
[Date "2019.11.29"]
[Round "1.3"]
[White "Zohaib Hassan, Mohamed"]
[Black "Lakunza Oyarbide, Juan Carlos"]
[Result "1-0"]
[WhiteElo "2282"]
[BlackElo "2058"]
[PlyCount "151"]
[EventDate "2019.11.29"]
[EventType "swiss"]
[EventRounds "10"]
[EventCountry "ESP"]
[SourceTitle "Ajedrez en Madrid"]
[Source "lmi"]
[SourceDate "2019.11.30"]
[SourceVersion "1"]
[SourceVersionDate "2019.12.08"]
[SourceQuality "1"]

1. c4 e6 2. e4 d5 3. cxd5 exd5 4. exd5 Nf6 5. Nc3 Nxd5 6. Nf3 Be7 7. d4 O-O 8.
Be2 Be6 9. O-O Nxc3 10. bxc3 c5 11. Be3 cxd4 12. Nxd4 Bd5 13. c4 Be4 14. Bf3
Bxf3 15. Qxf3 Qc7 16. Bf4 Qxc4 17. Nf5 Bf6 18. Rac1 Qe6 19. Bd6 Re8 20. Rc7 Nc6
21. Rxb7 Nd4 22. Nxd4 Bxd4 23. Qf4 Bb6 24. a3 Rad8 25. Bb4 Qd5 26. Re7 Rxe7 27.
Bxe7 Qd4 28. Qg3 Rc8 29. h3 h6 30. Qf3 Qe5 31. Bb4 Rc2 32. Re1 Qg5 33. Rf1 Qe5
34. Re1 Qg5 35. h4 Qd8 36. Be7 Qd2 37. Rf1 Qe2 38. Qf5 g6 39. Qf6 Bd4 40. Qxd4
Qxe7 41. a4 h5 42. g3 Re2 43. Rc1 Re1+ 44. Rxe1 Qxe1+ 45. Kg2 a5 46. Qd5 Qb4
47. Qd8+ Kg7 48. Qd7 Qe4+ 49. Kh2 Qf5 50. Qxf5 gxf5 51. Kg2 Kf6 52. Kf3 Ke5 53.
Ke3 f4+ 54. gxf4+ Kd5 55. f5 Ke5 56. f6 Kf5 57. Kf3 Ke5 58. Ke3 Kf5 59. f3 Ke5
60. f4+ Kd5 61. Kd3 Kc5 62. Ke4 Kb4 63. Ke5 Kxa4 64. Kd6 Kb5 65. Ke7 a4 66.
Kxf7 a3 67. Kg6 a2 68. f7 a1=Q 69. f8=Q Qd1 70. Qf5+ Kc4 71. Kh6 Qf3 72. Qg5
Kd4 73. f5 Ke5 74. f6+ Ke6 75. Qg8+ Kf5 76. f7 1-0

[Event "Torneo de Benidorm sub 2300 2019"]
[Site "Benidorm ESP"]
[Date "2019.11.29"]
[Round "1.4"]
[White "Deruelle Sala, Albert"]
[Black "Scherer, Helmut"]
[Result "0-1"]
[WhiteElo "2058"]
[BlackElo "2278"]
[PlyCount "74"]
[EventDate "2019.11.29"]
[EventType "swiss"]
[EventRounds "10"]
[EventCountry "ESP"]
[SourceTitle "Ajedrez en Madrid"]
[Source "lmi"]
[SourceDate "2019.11.30"]
[SourceVersion "1"]
[SourceVersionDate "2019.12.08"]
[SourceQuality "1"]

1. d4 d5 2. c4 e6 3. Nc3 Nf6 4. Bg5 Be7 5. e3 h6 6. Bh4 O-O 7. Qc2 c6 8. cxd5
cxd5 9. Nf3 Nc6 10. Be2 Bd7 11. O-O Rc8 12. Rac1 a6 13. Qb1 b5 14. a3 Bd6 15.
e4 dxe4 16. Nxe4 Be7 17. Nc5 Nxd4 18. Nxd4 Rxc5 19. Rxc5 Bxc5 20. Rd1 Qe7 21.
Nb3 Bb6 22. Bf3 Rd8 23. Nd2 Be8 24. Ne4 g5 25. Bg3 Rxd1+ 26. Qxd1 Nxe4 27. Bxe4
f5 28. Bd6 Qf6 29. Bc2 Qxb2 30. g4 Bc6 31. gxf5 exf5 32. h4 Be4 33. Bb3+ Kh7
34. Bg3 f4 35. Qd7+ Qg7 36. Bg8+ Kh8 37. Qe8 Qa1+ 0-1

[Event "Torneo de Benidorm sub 2300 2019"]
[Site "Benidorm ESP"]
[Date "2019.11.29"]
[Round "1.5"]
[White "Chernikov, Vladimir"]
[Black "Tocco, Paolo"]
[Result "1-0"]
[WhiteElo "2272"]
[BlackElo "2056"]
[PlyCount "107"]
[EventDate "2019.11.29"]
[EventType "swiss"]
[EventRounds "10"]
[EventCountry "ESP"]
[SourceTitle "Ajedrez en Madrid"]
[Source "lmi"]
[SourceDate "2019.11.30"]
[SourceVersion "1"]
[SourceVersionDate "2019.12.08"]
[SourceQuality "1"]

1. c4 b6 2. Nc3 Bb7 3. e4 e6 4. g3 Bb4 5. Nge2 h5 6. h4 d6 7. Bg2 Nd7 8. O-O a6
9. d4 Bxc3 10. Nxc3 Qe7 11. b4 g6 12. Re1 Nh6 13. Nd5 Qd8 14. Bg5 f6 15. Nxf6+
Nxf6 16. e5 Bxg2 17. Bxf6 Qd7 18. Bxh8 Bb7 19. Bf6 Ng4 20. f3 Nxf6 21. exf6
O-O-O 22. Qe2 Re8 23. d5 e5 24. f4 Qf7 25. fxe5 Rxe5 26. Qf2 Rf5 27. Qd4 Rxf6
28. Rf1 Rf5 29. Rxf5 gxf5 30. Qh8+ Kd7 31. Re1 b5 32. c5 Bxd5 33. cxd6 cxd6 34.
Qb8 Be4 35. Rc1 Qg6 36. Qc8+ Ke7 37. Rc7+ Kf6 38. Qf8+ Ke6 39. Rg7 Qf6 40.
Qxf6+ Kxf6 41. Ra7 Ke5 42. Rxa6 d5 43. Rb6 Bd3 44. Rh6 Ke4 45. Kf2 f4 46. gxf4
Kxf4 47. Rxh5 Bc4 48. a3 Kg4 49. Rh8 Kf4 50. h5 Kg5 51. Ke3 Bb3 52. Kd4 Bd1 53.
h6 Kg6 54. Kxd5 1-0

[Event "Torneo de Benidorm sub 2300 2019"]
[Site "Benidorm ESP"]
[Date "2019.11.29"]
[Round "1.7"]
[White "Cano Gimenez, Vicente"]
[Black "Aledo Yanguas, David"]
[Result "1-0"]
[WhiteElo "2256"]
[BlackElo "2051"]
[PlyCount "155"]
[EventDate "2019.11.29"]
[EventType "swiss"]
[EventRounds "10"]
[EventCountry "ESP"]
[SourceTitle "Ajedrez en Madrid"]
[Source "lmi"]
[SourceDate "2019.11.30"]
[SourceVersion "1"]
[SourceVersionDate "2019.12.08"]
[SourceQuality "1"]

1. c4 Nf6 2. g3 e6 3. Bg2 d5 4. Nf3 c5 5. d4 Nc6 6. O-O dxc4 7. Ne5 Bd7 8. Na3
cxd4 9. Naxc4 Bc5 10. Bg5 h6 11. Nxd7 Qxd7 12. Bxf6 gxf6 13. Rc1 Rc8 14. Qa4 a6
15. b4 Ba7 16. b5 axb5 17. Qxb5 Ke7 18. Nb6 Bxb6 19. Qxb6 Rhd8 20. Rfd1 Qc7 21.
Qc5+ Qd6 22. Qb5 Rc7 23. a4 Rdd7 24. a5 Qe5 25. Rc5 Qd6 26. Rdc1 Na7 27. Qb6
Qxb6 28. axb6 Rxc5 29. Rxc5 Nc6 30. Bxc6 bxc6 31. Ra5 d3 32. exd3 Rxd3 33. Ra7+
Kd6 34. Rxf7 f5 35. Rf8 Rb3 36. Rd8+ Ke5 37. Rb8 Kd6 38. b7 h5 39. Kg2 Kc5 40.
f4 Kb6 41. Re8 Kxb7 42. Rxe6 Rd3 43. Rh6 c5 44. Rxh5 c4 45. Rxf5 Kc6 46. Ra5 c3
47. Ra1 Rd2+ 48. Kf3 c2 49. Rc1 Rxh2 50. Ke4 Kd6 51. Kf5 Ke7 52. g4 Rd2 53. Kg6
Kf8 54. f5 Rd6+ 55. f6 Rc6 56. g5 Rc7 57. Kh6 Rc3 58. g6 Rh3+ 59. Kg5 Rc3 60.
Kf5 Rf3+ 61. Ke5 Re3+ 62. Kf4 Rc3 63. Ke4 Rc4+ 64. Ke5 Rc3 65. Rh1 Kg8 66. g7
Kf7 67. Rh8 Rc5+ 68. Kd6 Rc6+ 69. Kd5 Rc5+ 70. Ke4 Rc4+ 71. Kf3 Rc3+ 72. Kg2
Kxf6 73. g8=Q c1=Q 74. Qd8+ Kf5 75. Qd5+ Kg6 76. Qe6+ Kg5 77. Rg8+ Kf4 78. Rg4#
1-0

[Event "Torneo de Benidorm sub 2300 2019"]
[Site "Benidorm ESP"]
[Date "2019.11.29"]
[Round "1.9"]
[White "Garcia Trobat, Francisco"]
[Black "Sotirov, Nikolaj"]
[Result "1-0"]
[WhiteElo "2244"]
[BlackElo "2041"]
[PlyCount "102"]
[EventDate "2019.11.29"]
[EventType "swiss"]
[EventRounds "10"]
[EventCountry "ESP"]
[SourceTitle "Ajedrez en Madrid"]
[Source "lmi"]
[SourceDate "2019.11.30"]
[SourceVersion "1"]
[SourceVersionDate "2019.12.08"]
[SourceQuality "1"]

1. Nf3 c5 2. c4 Nc6 3. b3 Nf6 4. Bb2 g6 5. g3 Bg7 6. Bg2 O-O 7. O-O d6 8. d4
Ne4 9. e3 f5 10. Nbd2 Nxd2 11. Qxd2 cxd4 12. Nxd4 Ne5 13. h3 Qb6 14. Rad1 Bd7
15. Bd5+ Kh8 16. f4 Nc6 17. Nf3 h6 18. Bxg7+ Kxg7 19. Kh2 Rad8 20. Nd4 e5 21.
Bxc6 bxc6 22. fxe5 dxe5 23. Nf3 Rfe8 24. Qc3 Qc7 25. Rf2 Kf7 26. Rfd2 e4 27.
Rd6 Re6 28. Ne5+ Kg8 29. Nxg6 Rxd6 30. Qh8+ Kf7 31. Qh7+ Kf6 32. Qe7+ Kxg6 33.
Rxd6+ Qxd6 34. Qxd6+ Kf7 35. c5 h5 36. b4 a6 37. a4 Ke8 38. Qg6+ Ke7 39. Qg5+
Ke8 40. Qxh5+ Ke7 41. Qg5+ Ke8 42. Qg6+ Ke7 43. Qd6+ Ke8 44. g4 Bc8 45. Qxc6+
Ke7 46. g5 Be6 47. Qc7+ Rd7 48. Qe5 Rd3 49. Qg7+ Ke8 50. Qf6 Kd7 51. g6 Rxe3
1-0

[Event "Torneo de Benidorm sub 2300 2019"]
[Site "Benidorm ESP"]
[Date "2019.11.29"]
[Round "1.10"]
[White "Alami, Halim"]
[Black "Torres Sanchez, Jose"]
[Result "0-1"]
[WhiteElo "2039"]
[BlackElo "2238"]
[PlyCount "82"]
[EventDate "2019.11.29"]
[EventType "swiss"]
[EventRounds "10"]
[EventCountry "ESP"]
[SourceTitle "Ajedrez en Madrid"]
[Source "lmi"]
[SourceDate "2019.11.30"]
[SourceVersion "1"]
[SourceVersionDate "2019.12.08"]
[SourceQuality "1"]

1. e4 Nf6 2. Nc3 e5 3. Nf3 d6 4. h3 Be7 5. Bc4 O-O 6. d3 c6 7. Bb3 Nbd7 8. a3
Nc5 9. Ba2 Be6 10. O-O Bxa2 11. Rxa2 a5 12. Qe2 Ne6 13. Qd1 b5 14. Ne2 g6 15.
g4 h5 16. Nh2 hxg4 17. hxg4 Nh7 18. f4 exf4 19. Nxf4 Bg5 20. Qf3 d5 21. b3 Nxf4
22. Bxf4 dxe4 23. dxe4 Qd4+ 24. Kh1 Rfe8 25. Re1 Re6 26. c3 Qg7 27. e5 Rae8 28.
Rae2 Qh6 29. Bg3 Bh4 30. Kg2 Be7 31. a4 bxa4 32. bxa4 Ng5 33. Qf2 Qh3+ 34. Kh1
Bd8 35. Qg2 Qh8 36. Bf4 Nh3 37. Qf3 Bc7 38. Kg2 Nxf4+ 39. Qxf4 Bxe5 40. Rxe5
Rxe5 41. Rxe5 Qxe5 0-1

[Event "Torneo de Benidorm sub 2300 2019"]
[Site "Benidorm ESP"]
[Date "2019.11.29"]
[Round "1.11"]
[White "Peña Duarte, Fabian Dario"]
[Black "Varga, Mariano"]
[Result "1/2-1/2"]
[WhiteElo "2237"]
[BlackElo "2038"]
[PlyCount "88"]
[EventDate "2019.11.29"]
[EventType "swiss"]
[EventRounds "10"]
[EventCountry "ESP"]
[SourceTitle "Ajedrez en Madrid"]
[Source "lmi"]
[SourceDate "2019.11.30"]
[SourceVersion "1"]
[SourceVersionDate "2019.12.08"]
[SourceQuality "1"]

1. d4 Nf6 2. Nf3 e6 3. g3 c5 4. Bg2 cxd4 5. O-O Qc7 6. Nxd4 a6 7. Re1 Be7 8. b3
O-O 9. Bb2 d6 10. c4 Nc6 11. Nc3 Bd7 12. Rc1 Nxd4 13. Qxd4 Rfd8 14. Red1 Bf8
15. h3 Rac8 16. e4 Qb8 17. g4 b5 18. g5 Ne8 19. Bf1 g6 20. Rb1 Bg7 21. Qe3 Qb7
22. h4 Bc6 23. Re1 d5 24. exd5 exd5 25. cxd5 Bxd5 26. Nxd5 Qxd5 27. Bg2 Qd2 28.
Bb7 Qxe3 29. Rxe3 Rc2 30. Bxg7 Nxg7 31. Bxa6 Rdd2 32. Rf1 Nf5 33. Rh3 Nd4 34.
a4 bxa4 35. bxa4 Ra2 36. Bb5 Nxb5 37. axb5 Rab2 38. Rf3 Rxb5 39. Rc1 Rd4 40.
Rc7 Rf5 41. Rxf5 gxf5 42. Rc5 Rxh4 43. Rxf5 h6 44. gxh6 Rxh6 1/2-1/2

[Event "Torneo de Benidorm sub 2300 2019"]
[Site "Benidorm ESP"]
[Date "2019.11.29"]
[Round "1.14"]
[White "Atienza Alvarez, Javier"]
[Black "Villar Reymundo, Juan Antonio"]
[Result "1/2-1/2"]
[WhiteElo "2026"]
[BlackElo "2216"]
[PlyCount "57"]
[EventDate "2019.11.29"]
[EventType "swiss"]
[EventRounds "10"]
[EventCountry "ESP"]
[SourceTitle "Ajedrez en Madrid"]
[Source "lmi"]
[SourceDate "2019.11.30"]
[SourceVersion "1"]
[SourceVersionDate "2019.12.08"]
[SourceQuality "1"]

1. d4 Nf6 2. c4 e6 3. g3 d5 4. Bg2 Bb4+ 5. Nd2 O-O 6. Qc2 Nbd7 7. Ngf3 Be7 8.
O-O c5 9. cxd5 Nxd5 10. e4 Nb4 11. Qc3 b6 12. a3 Nc6 13. dxc5 bxc5 14. Nc4 Nb6
15. Be3 Nxc4 16. Qxc4 Qb6 17. Qc3 Rd8 18. b4 Nd4 19. Kh1 cxb4 20. axb4 e5 21.
Nxe5 Bxb4 22. Qb2 Bc5 23. Qxb6 Bxb6 24. Nc6 Nxc6 25. Bxb6 Re8 26. Ra3 Bh3 27.
Rfa1 Bxg2+ 28. Kxg2 Rxe4 29. Bxa7 1/2-1/2

[Event "Torneo de Benidorm sub 2300 2019"]
[Site "Benidorm ESP"]
[Date "2019.11.29"]
[Round "1.15"]
[White "Barbera Estelles, Rosendo"]
[Black "Viñals Rioja, Jaume"]
[Result "1-0"]
[WhiteElo "2212"]
[BlackElo "2024"]
[PlyCount "89"]
[EventDate "2019.11.29"]
[EventType "swiss"]
[EventRounds "10"]
[EventCountry "ESP"]
[SourceTitle "Ajedrez en Madrid"]
[Source "lmi"]
[SourceDate "2019.11.30"]
[SourceVersion "1"]
[SourceVersionDate "2019.12.08"]
[SourceQuality "1"]

1. e4 d5 2. exd5 Qxd5 3. Nc3 Qd6 4. d4 Nf6 5. Nf3 Bg4 6. h3 Bh5 7. Be2 Nbd7 8.
Nb5 Qb6 9. Bf4 Nd5 10. Bg3 c6 11. c4 Qa5+ 12. Qd2 Qxd2+ 13. Kxd2 cxb5 14. cxd5
a6 15. a4 bxa4 16. Rxa4 Nb6 17. Rb4 Nxd5 18. Rxb7 e6 19. Ra1 Bb4+ 20. Kd1 O-O
21. Rxa6 Rxa6 22. Bxa6 Ra8 23. Bc4 Ba5 24. Bxd5 exd5 25. Rb5 f6 26. Rxd5 Bf7
27. Rb5 Bc4 28. Rb8+ Rxb8 29. Bxb8 Bf1 30. g3 Bxh3 31. Bd6 Bd7 32. b4 Bb6 33.
Bc5 Bc7 34. d5 Kf7 35. Nd4 g5 36. b5 Bc8 37. b6 Bd8 38. Nc6 Ke8 39. Na5 Ba6 40.
b7 Bc7 41. Ba7 h5 42. b8=Q+ Bxb8 43. Bxb8 h4 44. gxh4 gxh4 45. Ke1 1-0

[Event "Torneo de Benidorm sub 2300 2019"]
[Site "Benidorm ESP"]
[Date "2019.11.29"]
[Round "1.17"]
[White "Picazo Lopez, Juan Antonio"]
[Black "Fernandes, Carlos A"]
[Result "1/2-1/2"]
[WhiteElo "2201"]
[BlackElo "2023"]
[PlyCount "61"]
[EventDate "2019.11.29"]
[EventType "swiss"]
[EventRounds "10"]
[EventCountry "ESP"]
[SourceTitle "Ajedrez en Madrid"]
[Source "lmi"]
[SourceDate "2019.11.30"]
[SourceVersion "1"]
[SourceVersionDate "2019.12.08"]
[SourceQuality "1"]

1. d4 d5 2. c4 c6 3. Nf3 Nf6 4. g3 e6 5. Bg2 Bd6 6. O-O Ne4 7. Qc2 O-O 8. Nc3
f5 9. Ne5 Nd7 10. Nxd7 Qxd7 11. Nxe4 dxe4 12. b3 e5 13. c5 Be7 14. dxe5 Qd4 15.
Be3 Qxe5 16. Rad1 Be6 17. Bd4 Qc7 18. Qc3 Bf6 19. Bxf6 Rxf6 20. Rd6 Raf8 21.
Qe5 Qf7 22. f3 exf3 23. Bxf3 Re8 24. Rfd1 Bxb3 25. Qxe8+ Qxe8 26. Rd8 Bxd1 27.
Rxe8+ Rf8 28. Re7 Rf7 29. Re8+ Rf8 30. Re7 Rf7 31. Re8+ 1/2-1/2

[Event "Torneo de Benidorm sub 2300 2019"]
[Site "Benidorm ESP"]
[Date "2019.11.29"]
[Round "1.18"]
[White "Lopez Orois, Jose Manuel"]
[Black "Rodriguez Redondo, Adhara"]
[Result "1-0"]
[WhiteElo "2021"]
[BlackElo "2199"]
[PlyCount "131"]
[EventDate "2019.11.29"]
[EventType "swiss"]
[EventRounds "10"]
[EventCountry "ESP"]
[SourceTitle "Ajedrez en Madrid"]
[Source "lmi"]
[SourceDate "2019.11.30"]
[SourceVersion "1"]
[SourceVersionDate "2019.12.08"]
[SourceQuality "1"]

1. e4 e5 2. Nf3 Nc6 3. d4 exd4 4. Nxd4 Bc5 5. Be3 Qf6 6. c3 Nge7 7. Bc4 d6 8.
O-O O-O 9. Nb5 Ne5 10. Be2 c6 11. Nd4 Qh4 12. f3 f5 13. f4 N5g6 14. g3 Qf6 15.
Nd2 Bb6 16. Bc4+ d5 17. e5 Qf7 18. Be2 Rd8 19. Bh5 c5 20. Nb5 Qe6 21. Nd6 Rxd6
22. exd6 Qxd6 23. Nf3 Bd7 24. b4 cxb4 25. Bxb6 Qxb6+ 26. Qd4 bxc3 27. Qxb6 axb6
28. Rfc1 Ra3 29. Nd4 Ra4 30. Nb3 d4 31. Rd1 Nc6 32. Be2 Rb4 33. a3 Ra4 34. Bb5
Ra8 35. Bxc6 Bxc6 36. Nxd4 Be4 37. Rdc1 Ra4 38. Ne2 c2 39. Nc3 Rc4 40. Nxe4
fxe4 41. Ra2 Ne7 42. Rcxc2 Rd4 43. Rd2 Ra4 44. Rd8+ Kf7 45. Rd7 Ke6 46. Rxb7
Nd5 47. Kf2 e3+ 48. Kf3 g6 49. Rb8 Ra5 50. a4 Kd6 51. Ra1 Kc5 52. Rd8 Kb4 53.
Rb1+ Ka3 54. Rb5 e2 55. Kf2 Rxb5 56. axb5 Nc3 57. Rb8 Nxb5 58. Rxb6 Nc3 59. Ke1
Ka4 60. Rb7 h5 61. Kd2 Ka5 62. Re7 Kb4 63. Rg7 g5 64. fxg5 Kc4 65. Rc7+ Kd4 66.
Rxc3 1-0

[Event "Torneo de Benidorm sub 2300 2019"]
[Site "Benidorm ESP"]
[Date "2019.11.29"]
[Round "1.19"]
[White "Galvan, Jesus"]
[Black "Ladron De Guevara Galar, Fco J."]
[Result "1-0"]
[WhiteElo "2198"]
[BlackElo "2018"]
[PlyCount "123"]
[EventDate "2019.11.29"]
[EventType "swiss"]
[EventRounds "10"]
[EventCountry "ESP"]
[SourceTitle "Ajedrez en Madrid"]
[Source "lmi"]
[SourceDate "2019.11.30"]
[SourceVersion "1"]
[SourceVersionDate "2019.12.08"]
[SourceQuality "1"]

1. g3 d5 2. Bg2 Nf6 3. d3 Bg4 4. h3 Bh5 5. f4 e6 6. Nf3 Nc6 7. c3 Bd6 8. O-O
O-O 9. Qe1 Bxf3 10. Bxf3 e5 11. e4 dxe4 12. dxe4 Bc5+ 13. Be3 Qe7 14. f5 Rad8
15. Qe2 Rd7 16. Nd2 Rfd8 17. Nb3 Bb6 18. Bxb6 axb6 19. Rad1 Na5 20. Nxa5 Qc5+
21. Kg2 bxa5 22. g4 Rxd1 23. Rxd1 Rxd1 24. Qxd1 Qd6 25. Qxd6 cxd6 26. g5 Nd7
27. b4 f6 28. gxf6 axb4 29. cxb4 Nxf6 30. Kf2 Kf8 31. Ke3 Ne8 32. a4 Nc7 33.
Kd3 Ke7 34. a5 Kd7 35. Bd1 Kc6 36. Ba4+ b5 37. Bb3 Kb7 38. Bf7 Kc8 39. Kc3 Kb7
40. h4 Ka7 41. Kd2 Kb7 42. Bh5 d5 43. exd5 Kc8 44. d6 Nd5 45. Be8 e4 46. Bxb5
Nxb4 47. a6 Nxa6 48. Bxa6+ Kd7 49. Ke3 Kxd6 50. Kf4 e3 51. Bc4 Ke7 52. Ke5 Kf8
53. Ke6 Ke8 54. h5 Kf8 55. Bb5 h6 56. Bc4 Ke8 57. Kd6 Kf8 58. Kd7 e2 59. Bxe2
Kf7 60. Bd3 Kf6 61. Ke8 g5 62. hxg6 1-0

[Event "Torneo de Benidorm sub 2300 2019"]
[Site "Benidorm ESP"]
[Date "2019.11.29"]
[Round "1.20"]
[White "Ruiz Ureta, Ernesto"]
[Black "Martin Barcelo, Carles"]
[Result "0-1"]
[WhiteElo "2017"]
[BlackElo "2196"]
[PlyCount "78"]
[EventDate "2019.11.29"]
[EventType "swiss"]
[EventRounds "10"]
[EventCountry "ESP"]
[SourceTitle "Ajedrez en Madrid"]
[Source "lmi"]
[SourceDate "2019.11.30"]
[SourceVersion "1"]
[SourceVersionDate "2019.12.08"]
[SourceQuality "1"]

1. e4 e6 2. d4 d5 3. Nc3 Nf6 4. e5 Nfd7 5. f4 c5 6. Nf3 Nc6 7. Be3 Qb6 8. Na4
Qc7 9. Nxc5 Nxd4 10. Nxd4 Nxc5 11. c3 Be7 12. Be2 O-O 13. O-O Bd7 14. Qe1 f6
15. Nf3 Ne4 16. Bd3 f5 17. Rc1 b5 18. Nd4 Qb7 19. Rf3 a6 20. Rh3 g6 21. Bxe4
dxe4 22. Qe2 h5 23. Rg3 Kf7 24. Bf2 Rac8 25. Rh3 Qc7 26. Qe1 Bc6 27. Qd1 Bd5
28. b3 Qb7 29. Be3 Rc7 30. Qe2 Rfc8 31. Bf2 Kg7 32. c4 bxc4 33. bxc4 Bxc4 34.
Qd2 Bxa2 35. Rxc7 Qxc7 36. Be1 Qc1 37. Qa5 Bc5 38. Kf1 Bc4+ 39. Ne2 Qxf4+ 0-1

[Event "Torneo de Benidorm sub 2300 2019"]
[Site "Benidorm ESP"]
[Date "2019.11.29"]
[Round "1.21"]
[White "Burguete Archel, Eduardo"]
[Black "Viñal Gutierrez, Pedro"]
[Result "1/2-1/2"]
[WhiteElo "2191"]
[BlackElo "2016"]
[PlyCount "38"]
[EventDate "2019.11.29"]
[EventType "swiss"]
[EventRounds "10"]
[EventCountry "ESP"]
[SourceTitle "Ajedrez en Madrid"]
[Source "lmi"]
[SourceDate "2019.11.30"]
[SourceVersion "1"]
[SourceVersionDate "2019.12.08"]
[SourceQuality "1"]

1. d4 d5 2. c4 e6 3. Nf3 c6 4. e3 f5 5. Be2 Nf6 6. O-O Bd6 7. b3 Qe7 8. a4 Nbd7
9. Ba3 O-O 10. Ne5 Bxa3 11. Nxa3 Nxe5 12. dxe5 Nd7 13. f4 b6 14. Qc2 Bb7 15.
Rfc1 Nc5 16. a5 Rac8 17. b4 Na6 18. Rcb1 Nxb4 19. Qd2 c5 1/2-1/2

[Event "Torneo de Benidorm sub 2300 2019"]
[Site "Benidorm ESP"]
[Date "2019.11.29"]
[Round "1.22"]
[White "Gonzalez Lema, Carlos"]
[Black "Bray, Daniel Jose Freire"]
[Result "1-0"]
[WhiteElo "2011"]
[BlackElo "2180"]
[PlyCount "55"]
[EventDate "2019.11.29"]
[EventType "swiss"]
[EventRounds "10"]
[EventCountry "ESP"]
[SourceTitle "Ajedrez en Madrid"]
[Source "lmi"]
[SourceDate "2019.11.30"]
[SourceVersion "1"]
[SourceVersionDate "2019.12.08"]
[SourceQuality "1"]

1. d4 d5 2. c4 c6 3. Nf3 Nf6 4. Nc3 a6 5. Bg5 dxc4 6. a4 b5 7. axb5 cxb5 8.
Nxb5 axb5 9. Rxa8 Bb7 10. Ra1 Ne4 11. Bc1 e5 12. e3 Bb4+ 13. Ke2 O-O 14. Ra7
Bc6 15. Nxe5 Qh4 16. g3 Qh5+ 17. f3 Nxg3+ 18. hxg3 Qxh1 19. Kf2 Bd6 20. e4 f6
21. Bxc4+ bxc4 22. Qxh1 fxe5 23. Be3 exd4 24. Bxd4 Nd7 25. Qh3 Nf6 26. Qe6+ Kh8
27. Kg2 Bb8 28. Rf7 1-0

[Event "Torneo de Benidorm sub 2300 2019"]
[Site "Benidorm ESP"]
[Date "2019.11.30"]
[Round "2.1"]
[White "Gonzalez Aguirre, Luis"]
[Black "Zohaib Hassan, Mohamed"]
[Result "1/2-1/2"]
[WhiteElo "2107"]
[BlackElo "2282"]
[PlyCount "112"]
[EventDate "2019.11.29"]
[EventType "swiss"]
[EventRounds "10"]
[EventCountry "ESP"]
[SourceTitle "Ajedrez en Madrid"]
[Source "lmi"]
[SourceDate "2019.11.30"]
[SourceVersion "1"]
[SourceVersionDate "2019.12.08"]
[SourceQuality "1"]

1. Nf3 Nf6 2. c4 e6 3. g3 b6 4. Bg2 Bb7 5. O-O Be7 6. Nc3 O-O 7. Re1 c5 8. e4
d6 9. b3 a6 10. Bb2 e5 11. d3 Nc6 12. Nd5 Nxd5 13. cxd5 Nd4 14. Nxd4 cxd4 15.
Bh3 Bc8 16. Bxc8 Rxc8 17. Rc1 Qd7 18. Qd2 f5 19. Rxc8 Rxc8 20. exf5 Qxf5 21.
Rc1 Rc5 22. Rxc5 bxc5 23. Qe2 h5 24. Bc1 g6 25. Kg2 Bg5 26. Bxg5 Qxg5 27. h4
Qf5 28. f3 Kf8 29. Qd2 Kg7 30. Qe2 Qf7 31. Qe4 Kf8 32. Kf2 Ke8 33. Ke2 Kd7 34.
Kd2 Kc7 35. Kc2 Kb6 36. Kb2 Kb5 37. Kc2 Kb6 38. Kb2 Kc7 39. Kc2 Kd7 40. Kd2 Qg7
41. Kd1 Qh6 42. Kc2 Kc7 43. Kb2 Qd2+ 44. Kb1 c4 45. bxc4 Kb6 46. Qxg6 Kc5 47.
Qh7 Kb6 48. Qg6 Ka5 49. Qh7 Kb6 50. Qg6 Qb4+ 51. Kc2 Ka5 52. g4 hxg4 53. fxg4
Qe1 54. h5 Qe2+ 55. Kc1 Qe1+ 56. Kc2 Qe2+ 1/2-1/2

[Event "Torneo de Benidorm sub 2300 2019"]
[Site "Benidorm ESP"]
[Date "2019.11.30"]
[Round "2.2"]
[White "Scherer, Helmut"]
[Black "Boixader Arbo, Xavier"]
[Result "1-0"]
[WhiteElo "2278"]
[BlackElo "2113"]
[PlyCount "95"]
[EventDate "2019.11.29"]
[EventType "swiss"]
[EventRounds "10"]
[EventCountry "ESP"]
[SourceTitle "Ajedrez en Madrid"]
[Source "lmi"]
[SourceDate "2019.11.30"]
[SourceVersion "1"]
[SourceVersionDate "2019.12.08"]
[SourceQuality "1"]

1. e4 e6 2. d4 d5 3. Nc3 Nf6 4. Bg5 Be7 5. e5 Nfd7 6. Bxe7 Qxe7 7. Qd2 Nb6 8.
f4 Bd7 9. Nf3 a6 10. a3 c5 11. dxc5 Qxc5 12. Qd4 Qxd4 13. Nxd4 Nc6 14. O-O-O
O-O 15. g3 Rfc8 16. Nb3 Na7 17. Rd4 Rc7 18. h4 Rac8 19. Rh2 Nc4 20. Bxc4 Rxc4
21. Rhd2 Nb5 22. Rxc4 Rxc4 23. Nxb5 Bxb5 24. Rd4 Rc7 25. Rb4 Bd3 26. Nd4 h6 27.
Kd2 Bc4 28. Rb6 Kh7 29. Ke1 a5 30. Kf2 Ba6 31. h5 Rc4 32. Ke3 Kg8 33. g4 Kf8
34. f5 exf5 35. gxf5 Ke7 36. Rd6 f6 37. Rxd5 fxe5 38. Rxe5+ Kf6 39. Re6+ Kf7
40. Rb6 Rc7 41. Kf4 Rd7 42. Nf3 Rd1 43. b4 axb4 44. axb4 Rb1 45. c4 Kg8 46. b5
Rb4 47. Ne5 Kf8 48. bxa6 1-0